| 000 | 00841nam a2200241 a 4500 | ||
|---|---|---|---|
| 001 | 000020853 | ||
| 005 | 20230417152700.0 | ||
| 008 | 100818s1977 mx 000 0 spa d | ||
| 040 |
_aDO-SdBNP _bspa _cBNPHU |
||
| 082 |
_a822.33 _bS527c, 1977 |
||
| 100 | 1 |
_aShakespeare, William, _d1564-1616 _96748 |
|
| 245 | 1 | 0 |
_aComedias / _cShakespeare ; estudio preliminar por Ezequiel Martínez Estrada ; traducción Jaime Clark. |
| 250 | _a10a ed. | ||
| 260 |
_aMéxico : _bCumbre, _c1977. |
||
| 300 |
_axlvi, 1-369 p. ; _c21 cm. |
||
| 490 | 1 | _aLos clásicos | |
| 505 | 1 | _aEl mercader de Venecia -- Como gustéis -- Noche de reyes -- La tempestad | |
| 650 | 0 |
_aTeatro inglés _96749 |
|
| 650 | 4 |
_aLiteratura inglesa _9498 |
|
| 700 | 1 |
_aMartínez Estrada, Ezequiel, _943715 |
|
| 700 | 1 |
_aClark, Jaime, _etr. _943712 |
|
| 830 | 0 |
_aLos clásicos _943697 |
|
| 999 |
_c20356 _d20356 |
||